Entraineurs de Nantes (football) sous l'ère Kita - Statistiques

Statistiques générales
  • Ce quiz a été pris 322 fois
  • Le résultat moyen est 7 sur 17
Statistiques - réponses
Période Durée Matchs Naitonalité Entraineur % Correct
12/20 à 02/21 2 mois 7 Français Raymond Domenech
84%
02/07 à 08/08 18 mois 57 Français Michel Der Zakarian
79%
06/12 à 05/16 48 mois 175 Arménien/Français Michel Der Zakarian
79%
06/17 à 06/18 12 mois 41 Italien Claudio Ranieri
70%
12/16 à 05/17 6 mois 26 Portugais Sergio Conceiçao
66%
10/18 à 08/19 10 mois 37 Bosnien/Français Vahid Halilhodzic
59%
08/19 à 12/20 16 mois 45 Français Christian Gourcuff
51%
05/16 à 12/16 7 mois 16 Français René Girard
46%
06/18 à 10/18 4 mois 8 Portugais Migual Cardoso
35%
02/21 à ? - - Français Antoine Kambouaré
30%
09/08 à 06/09 9 mois 36 Français Elie Baup
27%
06/09 à 12/09 6 mois 18 Allemand/Français Gernot Rohr
21%
12/09 à 02/10 3 mois 9 Français Jean-Marc Furlan
20%
06/11 à 06/12 12 mois 38 Français Landry Chauvin
13%
08/08 à 09/08 1 mois Intérim Français Christian Larièpe
9%
02/10 à 03/11 13 mois 45 Français Baptiste Gentili
7%
03/11 à 05/11 2 mois 12 Français Philippe Anziani
7%
Aucun quiz correspondant
Distribution des résultats
% des personnes avec chaque résultat
Percentile par nombre de réponses
Votre historique - résultats
Vous n’avez pas pris ce quiz